000 00762nam a2200253Ia 4500
003 OSt
005 20221002044612.0
006 a|||||r|||| 00| 0
007 ta
008 220930b |||||||| |||| 00| 0 eng d
020 _a81872720910 (hbk)
024 _a27463
037 _bGift, 26/07/2016,
_cReference Collections
040 _aCRL
_cCRL
_beng
041 _2eng
_aeng
082 _aNT:(P111:4k), 152Q5(RR)
100 _aBharati Shashi
245 0 _aComprehensive glossary of drama and theatre
260 _aDelhi
_bBharati Prakashan Mandir India
_c2015
300 _a142p.
_ccm.
650 _aARTS
942 _hNT:(P111:4k), 152Q5(RR)
_cref
_2CC
999 _c910727
_d910727